[Event "Seattle Summer Kickoff (K)"]
[Site "Chess.com"]
[Date "2020.06.13"]
[Round "1"]
[White "Chaurasia, Ishi"]
[Black "Harding, Griffin"]
[Result "1/2-1/2"]
[WhiteElo "854"]
[BlackElo "475"]
[PlyCount "75"]
[EventDate "2020.??.??"]
[SourceDate "2020.06.27"]

1. e4 e5 2. Nf3 d6 3. Bb5+ c6 4. Bc4 Bg4 5. O-O Bxf3 6. Qxf3 Nh6 7. d3 Qa5 8.
Bxh6 gxh6 9. Qxf7+ Kd8 10. Qf6+ Kd7 11. Qxh8 Bg7 12. Qxg7+ Kc8 13. Qxh6 Qc5 14.
Be6+ Kd8 15. Qf8+ Kc7 16. Qc8+ Kb6 17. Na3 Qc4 18. Nxc4+ Kc5 19. Qxb7 h5 20.
Qxa8 Na6 21. Qxa7+ Kb5 22. a4+ Kb4 23. c3+ Kb3 24. Nd2+ Kc2 25. Nc4 Kxd3 26.
Qxa6 Kxe4 27. Qxc6+ Kf4 28. Qxd6 Ke4 29. Qxe5+ Kd3 30. Qxh5 Kc2 31. a5 Kb3 32.
a6 Kc2 33. a7 Kb3 34. Qb5+ Kc2 35. a8=Q Kd3 36. Ne5+ Kc2 37. Qe4+ Kd2 38. c4
1/2-1/2

[Event "Seattle Summer Kickoff (K)"]
[Site "Chess.com"]
[Date "2020.06.13"]
[Round "1"]
[White "Holbrook, William"]
[Black "Edmond, Alec"]
[Result "1-0"]
[WhiteElo "800"]
[BlackElo "999"]
[PlyCount "55"]
[EventDate "2020.??.??"]
[SourceDate "2020.06.27"]

1. d4 d5 2. Bf4 Nf6 3. e3 Bf5 4. Nf3 Nc6 5. Nbd2 e6 6. c3 Bd6 7. Qb3 Bxf4 8.
exf4 b6 9. Bb5 Qd6 10. Qa4 O-O 11. Bxc6 Rab8 12. O-O Ne4 13. Bb5 Qxf4 14. Nxe4
Bxe4 15. Ne5 Rbd8 16. Qxa7 f6 17. Nc6 Qg4 18. f3 Qg6 19. Nxd8 Rxd8 20. Qxc7 Rf8
21. fxe4 Qxe4 22. Qxb6 Qe3+ 23. Kh1 Qf4 24. Qxe6+ Kh8 25. Rxf4 f5 26. Rxf5 Rxf5
27. Qe8+ Rf8 28. Qxf8# 1-0

[Event "Seattle Summer Kickoff (K)"]
[Site "Chess.com"]
[Date "2020.06.13"]
[Round "1"]
[White "Malugu, Sankalp"]
[Black "Derengowski, Przemyslaw"]
[Result "1-0"]
[WhiteElo "806"]
[BlackElo "555"]
[PlyCount "65"]
[EventDate "2020.??.??"]
[SourceDate "2020.06.27"]

1. e4 e6 2. d4 Bb4+ 3. c3 Be7 4. Bf4 d6 5. Nd2 e5 6. dxe5 dxe5 7. Bxe5 Bh4 8.
Bxg7 Bg4 9. Qxg4 Nd7 10. Bxh8 Ne5 11. Bxe5 c6 12. Qxg8+ Ke7 13. Qg5+ Bxg5 14.
Rd1 Ke6 15. Bc4+ Kxe5 16. Ndf3+ Kf4 17. Rxd8 Rxd8 18. Nxg5 Kxg5 19. Nf3+ Kg4
20. h3+ Kf4 21. g3+ Kxf3 22. Be2+ Kg2 23. Rf1 Kxh3 24. Rh1+ Kg2 25. Rxh7 Kg1
26. Rxf7 c5 27. Rxb7 Kg2 28. Rxa7 Kh3 29. Rh7+ Kg2 30. Rc7 Kg1 31. Rh7 c4 32.
Bf3 Rc8 33. Rh1# 1-0

[Event "Seattle Summer Kickoff (K)"]
[Site "Chess.com"]
[Date "2020.06.13"]
[Round "1"]
[White "Sankrithi, Sarang"]
[Black "Ivanovic, Lena"]
[Result "0-1"]
[WhiteElo "504"]
[BlackElo "876"]
[PlyCount "54"]
[EventDate "2020.??.??"]
[SourceDate "2020.06.27"]

1. e4 e5 2. Nf3 Nc6 3. Bc4 Bc5 4. Nc3 Nf6 5. O-O O-O 6. d3 d6 7. Bg5 Bg4 8. h3
Bxf3 9. Qxf3 Rb8 10. Rfb1 a6 11. Bxf6 Qxf6 12. Qxf6 gxf6 13. a3 b5 14. Bd5 Ne7
15. b4 Ba7 16. g3 Nxd5 17. exd5 f5 18. g4 fxg4 19. hxg4 Kh8 20. g5 Rg8 21. Ne4
f5 22. Ng3 Rxg5 23. Kh2 f4 24. Nf1 f3 25. Kh3 Bxf2 26. c3 Rbg8 27. Kh2 Rh5# 0-1

[Event "Seattle Summer Kickoff (K)"]
[Site "Chess.com"]
[Date "2020.06.13"]
[Round "1"]
[White "Vadher, Preash"]
[Black "Kakkad, Vayu"]
[Result "0-1"]
[WhiteElo "734"]
[BlackElo "853"]
[PlyCount "60"]
[EventDate "2020.??.??"]
[SourceDate "2020.06.27"]

1. e4 e5 2. Nf3 Nc6 3. Bb5 Nf6 4. O-O a6 5. Bd3 Bc5 6. Nc3 b5 7. a4 b4 8. Ne2
Nd4 9. Nexd4 exd4 10. c3 dxc3 11. dxc3 bxc3 12. bxc3 Bb7 13. e5 Ng4 14. Bg5 Qb8
15. Bf5 Bc6 16. Bxg4 O-O 17. Rb1 Qa7 18. Bxd7 Bxd7 19. Qxd7 h6 20. Be7 Bxe7 21.
Qxe7 Rae8 22. Qb4 Rb8 23. Qd4 Qxd4 24. Nxd4 Rxb1 25. Rxb1 c5 26. Nc6 f6 27. Rb6
fxe5 28. Rxa6 Rf4 29. Nxe5 Re4 30. Nd7 Re1# 0-1

[Event "Seattle Summer Kickoff (K)"]
[Site "Chess.com"]
[Date "2020.06.13"]
[Round "1"]
[White "Xu, Owen"]
[Black "Agrawal, Sakash"]
[Result "1-0"]
[WhiteElo "969"]
[BlackElo "656"]
[PlyCount "59"]
[EventDate "2020.??.??"]
[SourceDate "2020.06.27"]

1. e4 e5 2. Nf3 Nc6 3. Bb5 Nb4 4. Nxe5 a6 5. Bc4 d6 6. Nxf7 Qe7 7. O-O Qxe4 8.
Re1 Qe7 9. Rxe7+ Bxe7 10. Nxh8 g6 11. Nf7 h5 12. Nxd6+ Bxd6 13. Bxg8 Bg4 14. f3
Bf5 15. d3 O-O-O 16. Bb3 Nc6 17. Nc3 Nd4 18. Bd5 Nxf3+ 19. Qxf3 Bc5+ 20. Kh1
Bg4 21. Bxb7+ Kb8 22. Qc6 Bf2 23. Qxa6 c5 24. Qa8+ Kc7 25. Nb5+ Kb6 26. Qxd8+
Kxb5 27. Qd6 h4 28. Qc6+ Kb4 29. Ba6 h3 30. Qb5# 1-0

[Event "Seattle Summer Kickoff (K)"]
[Site "Chess.com"]
[Date "2020.06.13"]
[Round "2"]
[White "Chapman, Zara"]
[Black "Malugu, Sankalp"]
[Result "0-1"]
[WhiteElo "400"]
[BlackElo "806"]
[PlyCount "24"]
[EventDate "2020.??.??"]
[SourceDate "2020.06.27"]

1. d4 d5 2. Bg5 Nf6 3. Bxf6 exf6 4. c3 Bf5 5. f4 Bd6 6. c4 c6 7. e3 Qa5+ 8. Ke2
Bg4+ 9. Kf2 Bxd1 10. Kg3 Qe1+ 11. Kh3 f5 12. b3 Bg4# 0-1

[Event "Seattle Summer Kickoff (K)"]
[Site "Chess.com"]
[Date "2020.06.13"]
[Round "2"]
[White "Derengowski, Przemyslaw"]
[Black "Vadher, Preash"]
[Result "0-1"]
[WhiteElo "555"]
[BlackElo "734"]
[PlyCount "80"]
[EventDate "2020.??.??"]
[SourceDate "2020.06.27"]

1. Nc3 Nf6 2. e4 e5 3. Qe2 Nc6 4. h3 Bc5 5. g4 O-O 6. g5 Ne8 7. a3 Nd6 8. b4
Bb6 9. h4 a5 10. bxa5 Bxa5 11. Nd5 Nd4 12. Qe3 Nxc2+ 13. Kd1 Nxe3+ 14. fxe3 c6
15. Nc3 Bxc3 16. dxc3 Nxe4 17. Kc2 Nf2 18. Rh2 Ng4 19. Re2 b6 20. Bh3 Ba6 21.
Rd2 Nxe3+ 22. Kb2 Nc4+ 23. Kc2 Nxd2 24. Kxd2 Re8 25. Nf3 e4 26. Nd4 e3+ 27. Ke1
c5 28. Nf5 Bd3 29. Ng3 f6 30. gxf6 Qxf6 31. Bxe3 Rxe3+ 32. Kd2 Rxg3 33. Bxd7
Qxh4 34. Be6+ Kh8 35. Bd5 Qh2+ 36. Bg2 Qxg2+ 37. Kd1 Qf1+ 38. Kd2 Qxa1 39. a4
Rxa4 40. c4 Ra2# 0-1

[Event "Seattle Summer Kickoff (K)"]
[Site "Chess.com"]
[Date "2020.06.13"]
[Round "2"]
[White "Edmond, Alec"]
[Black "Chaurasia, Ishi"]
[Result "1-0"]
[WhiteElo "999"]
[BlackElo "854"]
[PlyCount "71"]
[EventDate "2020.??.??"]
[SourceDate "2020.06.27"]

1. Nf3 d5 2. e3 Bf5 3. d4 e6 4. Nc3 Bd6 5. Bd3 Bxd3 6. Qxd3 Nf6 7. Qe2 O-O 8.
e4 dxe4 9. Nxe4 Bb4+ 10. Bd2 Bxd2+ 11. Nexd2 Nc6 12. Nb3 Nb4 13. a3 Nc6 14. Qd3
Qe8 15. O-O-O e5 16. h4 exd4 17. Nfxd4 Ne5 18. Qe3 Nfg4 19. Qg3 Qd7 20. Nf3 Qe6
21. Nxe5 Qxe5 22. Qxg4 f5 23. Qh3 Qf4+ 24. Kb1 Qxf2 25. h5 Qf4 26. g3 Qg5 27.
Nd4 f4 28. Ne6 Qf6 29. Nxf8 Qxf8 30. gxf4 Qxf4 31. Rhf1 Qe5 32. h6 gxh6 33.
Qxh6 c5 34. Rd2 c4 35. Rg2+ Qg7 36. Qxg7# 1-0

[Event "Seattle Summer Kickoff (K)"]
[Site "Chess.com"]
[Date "2020.06.13"]
[Round "2"]
[White "Harding, Griffin"]
[Black "Agrawal, Sakash"]
[Result "0-1"]
[WhiteElo "475"]
[BlackElo "656"]
[PlyCount "96"]
[EventDate "2020.??.??"]
[SourceDate "2020.06.27"]

1. e4 e5 2. f3 Nf6 3. Bc4 d5 4. exd5 Nxd5 5. d3 Bb4+ 6. c3 Bc5 7. Nh3 Be3 8. g4
Bxc1 9. Qxc1 Nf4 10. Nxf4 exf4 11. Qxf4 b6 12. Bxf7+ Ke7 13. Bd5 Rf8 14. Bxa8
Rxf4 15. Na3 Rxf3 16. Bxf3 Ba6 17. c4 b5 18. cxb5 Bc8 19. Be2 Nd7 20. Nc4 Nb6
21. Ne3 Kf8 22. Rc1 Qh4+ 23. Kf1 Qe7 24. Nf5 Bxf5 25. gxf5 Qg5 26. Rg1 Qxc1+
27. Kg2 Qg5+ 28. Kf2 Qxf5+ 29. Kg2 Na4 30. b3 Nc3 31. Rd1 Nxe2 32. Rd2 Nf4+ 33.
Kg1 Nxd3 34. b4 Nf4 35. Rf2 Qb1+ 36. Rf1 Qf5 37. a4 Qe4 38. a5 Qxb4 39. b6 Qxa5
40. bxc7 Qxc7 41. h4 Qc4 42. Ra1 Qd4+ 43. Kf1 Qxa1+ 44. Kf2 Qd1 45. Ke3 Qf1 46.
Kd2 Qe2+ 47. Kc1 Nd3+ 48. Kb1 Qb2# 0-1

[Event "Seattle Summer Kickoff (K)"]
[Site "Chess.com"]
[Date "2020.06.13"]
[Round "2"]
[White "Ivanovic, Lena"]
[Black "Holbrook, William"]
[Result "0-1"]
[WhiteElo "876"]
[BlackElo "800"]
[PlyCount "66"]
[EventDate "2020.??.??"]
[SourceDate "2020.06.27"]

1. e4 e6 2. Nf3 d5 3. e5 Nd7 4. Be2 Bc5 5. d4 Bb6 6. Be3 Ne7 7. O-O O-O 8. Nc3
Ba5 9. Qd3 b6 10. Ng5 Ng6 11. Bd2 h6 12. Nf3 Bb7 13. Be3 f5 14. g3 Qe8 15. Bf4
Nxf4 16. gxf4 Qg6+ 17. Kh1 Nf6 18. Rg1 Ng4 19. Rg2 Rae8 20. Nb5 Ba6 21. Nxc7
Bxd3 22. Bxd3 Rc8 23. Nb5 a6 24. Nd6 Ra8 25. Nh4 Qh5 26. Nf3 Qh3 27. Be2 Rfc8
28. Nxc8 Rxc8 29. Rg3 Qh5 30. Bxa6 Nxf2+ 31. Kg1 Rxc2 32. Ne1 Rxb2 33. Bc8 Nh3+
0-1

[Event "Seattle Summer Kickoff (K)"]
[Site "Chess.com"]
[Date "2020.06.13"]
[Round "2"]
[White "Kakkad, Vayu"]
[Black "Xu, Owen"]
[Result "0-1"]
[WhiteElo "853"]
[BlackElo "969"]
[PlyCount "32"]
[EventDate "2020.??.??"]
[SourceDate "2020.06.27"]

1. e4 e5 2. Nf3 Nc6 3. Nc3 Nf6 4. Bd3 Be7 5. O-O O-O 6. g3 d5 7. exd5 Nxd5 8.
Nxd5 Qxd5 9. c4 Qe6 10. Ng5 Bxg5 11. Qh5 Qh6 12. Qxh6 Bxh6 13. a3 Nd4 14. Bc2
Nxc2 15. Rb1 Nd4 16. Kg2 Ne2 0-1

[Event "Seattle Summer Kickoff (K)"]
[Site "Chess.com"]
[Date "2020.06.13"]
[Round "3"]
[White "Agrawal, Sakash"]
[Black "Chaurasia, Ishi"]
[Result "0-1"]
[WhiteElo "656"]
[BlackElo "854"]
[PlyCount "42"]
[EventDate "2020.??.??"]
[SourceDate "2020.06.27"]

1. e4 e5 2. Nf3 Nc6 3. Bb5 Nf6 4. Bc4 Bc5 5. Ng5 O-O 6. Nxf7 Qe8 7. Ng5+ Kh8 8.
O-O d6 9. Bf7 Qe7 10. Qh5 h6 11. Bg6 Ng4 12. d3 Bxf2+ 13. Kh1 Nf6 14. Qh4 Bxh4
15. Nf7+ Kg8 16. Ng5 hxg5 17. c4 Nb4 18. a3 Nc2 19. Ra2 Ng4 20. Rxf8+ Qxf8 21.
g3 Qf1# 0-1

[Event "Seattle Summer Kickoff (K)"]
[Site "Chess.com"]
[Date "2020.06.13"]
[Round "3"]
[White "Edmond, Alec"]
[Black "Sankrithi, Sarang"]
[Result "1-0"]
[WhiteElo "999"]
[BlackElo "504"]
[PlyCount "51"]
[EventDate "2020.??.??"]
[SourceDate "2020.06.27"]

1. Nf3 Nf6 2. d4 g6 3. Nc3 Bg7 4. e4 Nc6 5. Bf4 d6 6. Bc4 O-O 7. O-O Bg4 8. h3
Bxf3 9. Qxf3 h6 10. Rfe1 Qe8 11. Rad1 Rd8 12. Qg3 a6 13. a3 h5 14. Qe3 Rd7 15.
Bh6 Bxh6 16. Qxh6 b5 17. Bd3 Qb8 18. e5 dxe5 19. Bxg6 fxg6 20. Qxg6+ Kh8 21.
Qh6+ Kg8 22. Re3 Kf7 23. dxe5 Ne8 24. e6+ Kg8 25. Rg3+ Ng7 26. Qxg7# 1-0

[Event "Seattle Summer Kickoff (K)"]
[Site "Chess.com"]
[Date "2020.06.13"]
[Round "3"]
[White "Harding, Griffin"]
[Black "Chapman, Zara"]
[Result "1/2-1/2"]
[WhiteElo "475"]
[BlackElo "400"]
[PlyCount "65"]
[EventDate "2020.??.??"]
[SourceDate "2020.06.27"]

1. e4 e5 2. f3 Bc5 3. Bb5 Bxg1 4. Rxg1 f6 5. d3 c6 6. Bc4 b5 7. Bxg8 Rxg8 8.
Qd2 c5 9. Qc3 b4 10. Qxc5 d6 11. Qd5 Rf8 12. Qxa8 Na6 13. Qxa7 Bb7 14. Qxb7 Rf7
15. Qxa6 Ke7 16. Qa7+ Ke8 17. Qa4+ Ke7 18. Qxb4 Kf8 19. d4 f5 20. exf5 g6 21.
fxg6 Rg7 22. gxh7 Rxh7 23. dxe5 Rh8 24. f4 Kg8 25. h3 dxe5 26. fxe5 Rh7 27.
Qg4+ Kh8 28. Bg5 Rg7 29. Bxd8 Rg8 30. Bf6+ Kh7 31. Qf5+ Kh6 32. Rf1 Rh8 33.
Bxh8 1/2-1/2

[Event "Seattle Summer Kickoff (K)"]
[Site "Chess.com"]
[Date "2020.06.13"]
[Round "3"]
[White "Holbrook, William"]
[Black "Kakkad, Vayu"]
[Result "0-1"]
[WhiteElo "800"]
[BlackElo "853"]
[PlyCount "100"]
[EventDate "2020.??.??"]
[SourceDate "2020.06.27"]

1. d4 d5 2. Bf4 Nf6 3. e3 Nc6 4. Nf3 Be6 5. Nbd2 Qd7 6. c3 O-O-O 7. Bd3 Ne4 8.
Nxe4 dxe4 9. Bxe4 f5 10. Bd3 g6 11. O-O Bg7 12. h3 Rhe8 13. c4 Bf6 14. d5 Bxd5
15. cxd5 Qxd5 16. Qc2 Qxd3 17. Qc1 Qb5 18. b3 Bxa1 19. Qxa1 e5 20. Bg5 e4 21.
Nd2 Rxd2 22. Qg7 Nb4 23. Bf4 Rd7 24. Qb2 Nd3 25. Qa3 Qa6 26. Qxa6 bxa6 27. Rd1
Nxf4 28. Rxd7 Ne2+ 29. Kf1 Kxd7 30. Kxe2 h5 31. Kd2 Rg8 32. Kc3 g5 33. Kc4 g4
34. h4 g3 35. fxg3 Rxg3 36. Kd4 Rxg2 37. Ke5 Ke7 38. Kxf5 Rg4 39. b4 Rxh4 40.
Kg5 Rh1 41. Kf4 h4 42. Kxe4 h3 43. Kd5 Rd1+ 44. Kc6 h2 45. Kxc7 h1=Q 46. Kb8
Qh8+ 47. Kxa7 Rd7+ 48. Kxa6 Qc8+ 49. Ka5 Rb7 50. Ka6 Qa8# 0-1

[Event "Seattle Summer Kickoff (K)"]
[Site "Chess.com"]
[Date "2020.06.13"]
[Round "3"]
[White "Vadher, Preash"]
[Black "Ivanovic, Lena"]
[Result "0-1"]
[WhiteElo "734"]
[BlackElo "876"]
[PlyCount "28"]
[EventDate "2020.??.??"]
[SourceDate "2020.06.27"]

1. e4 e5 2. Nf3 Nc6 3. Bb5 Nf6 4. O-O Be7 5. Bxc6 bxc6 6. Nxe5 O-O 7. d3 Bb7 8.
Bg5 h6 9. Bxf6 Bxf6 10. d4 c5 11. c3 Bxe5 12. dxe5 Qg5 13. Qxd7 Bxe4 14. Qxc7
Qxg2# 0-1

[Event "Seattle Summer Kickoff (K)"]
[Site "Chess.com"]
[Date "2020.06.13"]
[Round "3"]
[White "Xu, Owen"]
[Black "Malugu, Sankalp"]
[Result "1-0"]
[WhiteElo "969"]
[BlackElo "806"]
[PlyCount "99"]
[EventDate "2020.??.??"]
[SourceDate "2020.06.27"]

1. e4 e5 2. Nf3 Nc6 3. Bb5 a6 4. Ba4 b5 5. Bb3 Nf6 6. d3 h6 7. O-O Bc5 8. c3
O-O 9. d4 Bd6 10. Re1 Bb7 11. Nbd2 Qe7 12. Nf1 Rfe8 13. Ng3 Rad8 14. Nf5 Qf8
15. Nxd6 Qxd6 16. Bc2 Na5 17. b4 Nc6 18. d5 Na7 19. a4 bxa4 20. Bxa4 c6 21.
dxc6 Qxd1 22. Bxd1 dxc6 23. Be2 Rd7 24. Bxa6 Bxa6 25. Rxa6 Nb5 26. Rxc6 Red8
27. Rc5 Rd1 28. Rxb5 Rxe1+ 29. Nxe1 Rd1 30. Kf1 Rxc1 31. Rxe5 Rxc3 32. b5 Rc8
33. b6 Rb8 34. Rb5 Nxe4 35. Nd3 Nd2+ 36. Ke2 Nc4 37. Nc5 Nd6 38. Rb4 Re8+ 39.
Kf1 Rb8 40. b7 Kf8 41. Ke2 Ke7 42. Kd3 Kd8 43. Kd4 Kc7 44. Na6+ Kd8 45. Nxb8
Nf5+ 46. Ke5 Nh4 47. Nc6+ Kd7 48. b8=Q Nxg2 49. Qb7+ Ke8 50. Qe7# 1-0

[Event "Seattle Summer Kickoff (K)"]
[Site "Chess.com"]
[Date "2020.06.13"]
[Round "4"]
[White "Agrawal, Sakash"]
[Black "Vadher, Preash"]
[Result "0-1"]
[WhiteElo "656"]
[BlackElo "734"]
[PlyCount "48"]
[EventDate "2020.??.??"]
[SourceDate "2020.06.27"]

1. e4 e5 2. Nf3 Nc6 3. Bb5 a6 4. Bxc6 bxc6 5. Nxe5 d6 6. Nxc6 Qd7 7. Nd4 Nf6 8.
d3 c5 9. Ne2 g6 10. Bg5 Bg7 11. Bxf6 Bxf6 12. O-O Bxb2 13. Nd2 Bxa1 14. Qxa1
O-O 15. Nc3 Qe7 16. Nd5 Qg5 17. Nc7 Ra7 18. Ne6 Bxe6 19. Nf3 Qf4 20. Rc1 Rc7
21. Qc3 Qxc1+ 22. Ne1 c4 23. Qa5 Rc5 24. Qxa6 Qxe1# 0-1

[Event "Seattle Summer Kickoff (K)"]
[Site "Chess.com"]
[Date "2020.06.13"]
[Round "4"]
[White "Chaurasia, Ishi"]
[Black "Chapman, Zara"]
[Result "1-0"]
[WhiteElo "854"]
[BlackElo "400"]
[PlyCount "97"]
[EventDate "2020.??.??"]
[SourceDate "2020.06.27"]

1. e4 d5 2. Nc3 dxe4 3. Nxe4 f5 4. Nc5 b6 5. Nd3 Be6 6. Qh5+ Bf7 7. Qxf5 e6 8.
Qb5+ c6 9. Qc4 b5 10. Qd4 e5 11. Qxe5+ Be6 12. Qxe6+ Be7 13. Nf3 g6 14. Be2 c5
15. O-O Na6 16. Qc6+ Qd7 17. Qxa8+ Kf7 18. Nfe5+ Kg7 19. Nxd7 Bf6 20. Qxa7 Be7
21. N7e5 Kh6 22. Nf7+ Kg7 23. Nxh8 Kxh8 24. b3 c4 25. Bb2+ c3 26. dxc3 b4 27.
cxb4+ Bf6 28. Bxf6+ Nxf6 29. Qxa6 Ng8 30. Ne5 g5 31. Nf7+ Kg7 32. Bc4 Kf8 33.
Qa8+ Kg7 34. Nxg5 Kg6 35. Qxg8+ Kh6 36. Qxh7+ Kxg5 37. b5 Kf6 38. b6 Kg5 39. b7
Kf6 40. Qf7+ Kg5 41. b8=Q Kh6 42. Qh8+ Kg5 43. Qfg7+ Kf5 44. Qhf8+ Ke4 45.
Qge7+ Kd4 46. Qfd8+ Kc3 47. Qd3+ Kb2 48. Qf6+ Ka3 49. Qdd6# 1-0

[Event "Seattle Summer Kickoff (K)"]
[Site "Chess.com"]
[Date "2020.06.13"]
[Round "4"]
[White "Ivanovic, Lena"]
[Black "Xu, Owen"]
[Result "1-0"]
[WhiteElo "876"]
[BlackElo "969"]
[PlyCount "67"]
[EventDate "2020.??.??"]
[SourceDate "2020.06.27"]

1. e4 e5 2. Nf3 Nc6 3. Bc4 Nf6 4. d3 Be7 5. Ng5 O-O 6. O-O Na5 7. Bb5 c6 8. Bc4
Nxc4 9. dxc4 h6 10. Nf3 d6 11. Be3 Nxe4 12. Ne1 Nf6 13. Qf3 Bg4 14. Qg3 Ne4 15.
Qxg4 Nf6 16. Qg3 e4 17. Bxh6 Nh5 18. Qg4 Kh7 19. Qxh5 gxh6 20. Qf5+ Kh8 21. Nc3
Qb6 22. Nxe4 Qxb2 23. Nd3 Qxc2 24. Ng3 Qxc4 25. Nb2 Qd4 26. Nd3 Qc4 27. Nf4 Bg5
28. Ngh5 Rae8 29. h4 Re5 30. Ng6+ Kg8 31. Nf6+ Kg7 32. Nxe5 dxe5 33. hxg5 Qe6
34. Qh7# 1-0

[Event "Seattle Summer Kickoff (K)"]
[Site "Chess.com"]
[Date "2020.06.13"]
[Round "4"]
[White "Kakkad, Vayu"]
[Black "Edmond, Alec"]
[Result "1/2-1/2"]
[WhiteElo "853"]
[BlackElo "999"]
[PlyCount "85"]
[EventDate "2020.??.??"]
[SourceDate "2020.06.27"]

1. e4 e5 2. Nf3 Nc6 3. Bb5 Bd6 4. Nc3 a6 5. Bxc6 dxc6 6. O-O Nf6 7. Re1 O-O 8.
d3 Bg4 9. Be3 Qd7 10. Kf1 Rad8 11. Ke2 Bxf3+ 12. gxf3 Bb4 13. Rf1 Bxc3 14. bxc3
Rfe8 15. Rb1 b5 16. Rb2 Qe6 17. Kd2 Rd6 18. Kc1 Rb8 19. Qd2 a5 20. Rd1 Qc8 21.
Bg5 b4 22. cxb4 h6 23. Bxf6 Rxf6 24. bxa5 Rxb2 25. Kxb2 Qb7+ 26. Kc1 c5 27. Qc3
Ra6 28. Qb2 Qxb2+ 29. Kxb2 Rxa5 30. Kb3 g6 31. Kc4 Rxa2 32. Kxc5 Rxc2+ 33. Kd5
Rxf2 34. Kxe5 Rxh2 35. Ra1 Kf8 36. Kf6 Ke8 37. e5 c5 38. e6 fxe6 39. Kxe6 Kd8
40. Kd6 Ke8 41. Ke6 Kd8 42. Kd6 Ke8 43. Ke6 1/2-1/2

[Event "Seattle Summer Kickoff (K)"]
[Site "Chess.com"]
[Date "2020.06.13"]
[Round "4"]
[White "Malugu, Sankalp"]
[Black "Holbrook, William"]
[Result "0-1"]
[WhiteElo "806"]
[BlackElo "800"]
[PlyCount "46"]
[EventDate "2020.??.??"]
[SourceDate "2020.06.27"]

1. e4 e6 2. d4 d5 3. exd5 exd5 4. Bd3 c5 5. Qe2+ Be7 6. Bb5+ Nd7 7. dxc5 Ngf6
8. Bxd7+ Bxd7 9. Bg5 O-O 10. Bxf6 Bxf6 11. Qd1 Bxb2 12. c3 Bxa1 13. Nd2 Bxc3
14. Ngf3 Qe8+ 15. Kf1 Bb5+ 16. Kg1 Qe2 17. Qxe2 Bxe2 18. Ng5 Bxd2 19. Ne4 Bb4
20. Ng3 Bc4 21. Ne4 Rfe8 22. f3 dxe4 23. fxe4 Bxc5# 0-1

[Event "Seattle Summer Kickoff (K)"]
[Site "Chess.com"]
[Date "2020.06.13"]
[Round "4"]
[White "Sankrithi, Sarang"]
[Black "Derengowski, Przemyslaw"]
[Result "0-1"]
[WhiteElo "504"]
[BlackElo "555"]
[PlyCount "98"]
[EventDate "2020.??.??"]
[SourceDate "2020.06.27"]

1. e4 e6 2. d4 f6 3. Nf3 e5 4. dxe5 f5 5. exf5 d5 6. Bb5+ c6 7. Ba4 b5 8. Bb3
Na6 9. Nc3 Nc5 10. O-O Nxb3 11. cxb3 d4 12. Ne2 d3 13. Ng3 d2 14. Bxd2 Ne7 15.
h3 Nd5 16. Qe2 Bb4 17. Bxb4 Nxb4 18. Qd2 Na6 19. Qxd8+ Kxd8 20. Rad1+ Bd7 21.
Rfe1 Nb4 22. Ra1 Nc2 23. Rec1 Nxa1 24. Rxa1 Ke7 25. Rd1 Rad8 26. a4 Bxf5 27.
Rxd8 Rxd8 28. Nxf5+ Ke6 29. Nxg7+ Kf7 30. Nf5 Rd1+ 31. Kh2 a6 32. Ne3 Rb1 33.
g4 Rxb2 34. h4 Rxb3 35. Kg2 bxa4 36. g5 a3 37. Nd1 a2 38. Nd2 Rd3 39. Kf1 a1=Q
40. Ke2 Qa3 41. f4 Kg6 42. e6 Kg7 43. e7 Kf7 44. g6+ hxg6 45. Nb1 Qb3 46. Kf1
Qxd1+ 47. Kg2 Qxb1 48. Kh2 Qb2+ 49. Kh1 Rd1# 0-1

[Event "Seattle Summer Kickoff (K)"]
[Site "Chess.com"]
[Date "2020.06.13"]
[Round "5"]
[White "Chapman, Zara"]
[Black "Sankrithi, Sarang"]
[Result "0-1"]
[WhiteElo "400"]
[BlackElo "504"]
[PlyCount "54"]
[EventDate "2020.??.??"]
[SourceDate "2020.06.27"]

1. e4 e5 2. Bc4 Bc5 3. d4 Bxd4 4. c3 Bc5 5. b4 Be7 6. Nf3 Nf6 7. Bxf7+ Kxf7 8.
Nxe5+ Ke8 9. Nxd7 Bxd7 10. Bg5 h6 11. Bxf6 gxf6 12. e5 fxe5 13. c4 Nc6 14. b5
Nb4 15. a3 Nd3+ 16. Ke2 Nb2 17. Ra2 Nxd1 18. Kxd1 Bg4+ 19. Kc1 Bg5+ 20. f4 Bh4
21. g3 Bf6 22. fxe5 Bxe5 23. h3 Bf3 24. Kc2 Bxh1 25. Kc1 Qd7 26. g4 Rd8 27. c5
Qd1# 0-1

[Event "Seattle Summer Kickoff (K)"]
[Site "Chess.com"]
[Date "2020.06.13"]
[Round "5"]
[White "Chaurasia, Ishi"]
[Black "Kakkad, Vayu"]
[Result "1-0"]
[WhiteElo "854"]
[BlackElo "853"]
[PlyCount "55"]
[EventDate "2020.??.??"]
[SourceDate "2020.06.27"]

1. e4 e5 2. Nf3 Nc6 3. d4 exd4 4. Nxd4 Nxd4 5. Qxd4 c5 6. Qe5+ Be7 7. Qxg7 Bf6
8. Qg4 d5 9. Qf4 Be7 10. Bb5+ Bd7 11. Bxd7+ Qxd7 12. O-O Bd6 13. e5 Be7 14. Be3
d4 15. Bd2 Qb5 16. b3 c4 17. bxc4 Qb2 18. Nc3 dxc3 19. Bxc3 Qxc3 20. Qe4 O-O-O
21. Qf5+ Kb8 22. Qf4 Rd4 23. Qxf7 Rxc4 24. Qe8+ Rc8 25. Qb5 Rc5 26. Qd7 Rxe5
27. Rfb1 Ba3 28. Qxb7# 1-0

[Event "Seattle Summer Kickoff (K)"]
[Site "Chess.com"]
[Date "2020.06.13"]
[Round "5"]
[White "Derengowski, Przemyslaw"]
[Black "Harding, Griffin"]
[Result "1/2-1/2"]
[WhiteElo "555"]
[BlackElo "475"]
[PlyCount "228"]
[EventDate "2020.??.??"]
[SourceDate "2020.06.27"]

1. d3 e5 2. e4 Bb4+ 3. c3 Be7 4. a3 Bh4 5. g3 Be7 6. Nf3 f6 7. Nh4 Nh6 8. Be2
O-O 9. Nf5 Nxf5 10. exf5 c6 11. d4 exd4 12. cxd4 h6 13. Bc4+ d5 14. Bb3 Bxf5
15. Bc2 Bh3 16. Nc3 Bg2 17. Rg1 Qd7 18. Rxg2 Qe6+ 19. Be4 dxe4 20. Rg1 Na6 21.
Rh1 Nc7 22. h3 Rad8 23. Qe2 Ne8 24. Nxe4 Nd6 25. Nc5 Qxe2+ 26. Kxe2 Nf5 27. g4
Nh4 28. Kf1 Rd5 29. Nxb7 Rxd4 30. b3 Rd1+ 31. Ke2 Rxh1 32. f3 Ng2 33. Kf2 Nf4
34. Kg3 Ne2+ 35. Kg2 Rxc1 36. Ra2 Nc3 37. Rf2 Bxa3 38. h4 Ne4 39. fxe4 Re8 40.
Re2 Bb4 41. g5 fxg5 42. hxg5 hxg5 43. Re3 Rc2+ 44. Kf3 Bd2 45. Re2 Rf8+ 46. Kg4
Rf4+ 47. Kxg5 Rc3 48. Rxd2 Rg3+ 49. Kxf4 Rh3 50. Kg4 Rxb3 51. Rd8+ Kf7 52. e5
Rxb7 53. Kg5 Re7 54. Kf5 a5 55. Rd4 c5 56. Rc4 Re6 57. Rxc5 Rf6+ 58. Kg5 a4 59.
Ra5 Rg6+ 60. Kf5 Rh6 61. Rxa4 g6+ 62. Kg5 Rh5+ 63. Kg4 Rxe5 64. Ra7+ Kf6 65.
Kf4 Rf5+ 66. Ke4 g5 67. Ra6+ Kg7 68. Kxf5 g4 69. Kxg4 Kf8 70. Kg5 Ke7 71. Kf5
Kf7 72. Rf6+ Kg7 73. Kg5 Kh7 74. Kh5 Kg7 75. Rg6+ Kf7 76. Kh6 Ke7 77. Rg7+ Ke6
78. Kg6 Ke5 79. Re7+ Kd5 80. Kf6 Kd4 81. Kf5 Kc5 82. Rc7+ Kd6 83. Rc4 Kd5 84.
Rc3 Kd4 85. Rc2 Kd3 86. Rc1 Kd2 87. Rc5 Kd3 88. Rd5+ Kc4 89. Ke5 Kb3 90. Rd3+
Kc4 91. Ke4 Kb5 92. Rd5+ Kc4 93. Rd4+ Kc5 94. Ke5 Kb5 95. Rd5+ Kb4 96. Kd4 Kb3
97. Rb5+ Ka4 98. Kc4 Ka3 99. Rb3+ Ka4 100. Kc3 Ka5 101. Kc4 Ka6 102. Kc5 Ka5
103. Rb5+ Ka4 104. Kc4 Ka3 105. Rb3+ Ka4 106. Rb4+ Ka3 107. Kc3 Ka2 108. Rb2+
Ka3 109. Kc2 Ka4 110. Kc3 Ka5 111. Rb4 Ka6 112. Kc4 Ka5 113. Rb5+ Ka4 114. Kc3
Kxb5 1/2-1/2

[Event "Seattle Summer Kickoff (K)"]
[Site "Chess.com"]
[Date "2020.06.13"]
[Round "5"]
[White "Edmond, Alec"]
[Black "Ivanovic, Lena"]
[Result "1-0"]
[WhiteElo "999"]
[BlackElo "876"]
[PlyCount "67"]
[EventDate "2020.??.??"]
[SourceDate "2020.06.27"]

1. Nf3 Nf6 2. d4 Nc6 3. Nc3 d5 4. Bf4 Nb4 5. a3 Nxc2+ 6. Qxc2 Bd7 7. e3 Bg4 8.
Be2 e6 9. h3 Bh5 10. Ne5 Bxe2 11. Nxe2 Bd6 12. Nd3 Be7 13. Nc5 Qc8 14. O-O O-O
15. Nb3 c6 16. Rac1 Ne4 17. Nd2 Nf6 18. Ng3 a5 19. Nf3 Ra6 20. Qd3 Qd8 21. Ng5
g6 22. Nf3 Qb6 23. e4 Qxb2 24. e5 Nd7 25. Nh2 Qb6 26. Qf3 Qa7 27. Qg4 Qxd4 28.
Nf3 Qa7 29. Bg5 Bxa3 30. Qh4 Bxc1 31. Qh6 Ba3 32. Bf6 Nxf6 33. exf6 Bb2 34.
Qg7# 1-0